000
00288nam a2200109Ia 4500
008
200302s9999 xx 000 0 und d
100
_a
Joan Copjec and Michael Sorkin
245
_a
Giving Ground the politics of propinquity
260
_b
Verso Published
260
_c
1999
300
_a
312 P.,
999
_c
4203
_d
4203